00606 2200241 4500001002100000005001700021008004100038020001800079035002400097082001000121090001700131100001900148245004100167250001400208260003000222300002600252500002800278650001100306850001500317980001100332985000600343999001500349YOGYA-0209000001358520090227022334.0 ind  a979-499-202-x 0010-020900000013585 a131.3 a131.3bThe S aTHE, Liang Gie aStrategi hidup suksescThe Liang Gie a3bCet. 1 aYogyakartabLibertyc1996 a200, hlmbIlusc21 cm aBibliografi hlm 181-186 aSukses aYOPDYOG(B) a050705 a1 a97P0089978